| 000 | 00411nam a2200157Ia 4500 | ||
|---|---|---|---|
| 008 | 230312s9999||||xx |||||||||||||| ||und|| | ||
| 020 | _a81-219-2802-8 | ||
| 082 |
_a621.38152 _bSIN-S |
||
| 100 | _aSingh;Kamal | ||
| 245 | 0 | _aSolid State Devices and Electronics | |
| 260 |
_bS.Chand _aIndia _c2010 |
||
| 300 | _a250 | ||
| 546 | _aEng. | ||
| 650 |
_aEngineering _vSolid State Devices and Electronics |
||
| 942 | _cBK | ||
| 999 |
_c7769 _d7769 |
||